| 000 | 00508nam a22001457a 4500 | ||
|---|---|---|---|
| 008 | 230516b |||||||| |||| 00| 0 eng d | ||
| 040 |
_aNational Science Library _cNational Science Library |
||
| 080 |
_aR 68(058.7) _bL5 |
||
| 245 |
_aSome leading manufacturers in India _c/ National Industrial Development Corporation Ltd. |
||
| 260 |
_aNew Delhi: _bFederation of Indian Export Organisation, _c1975 |
||
| 300 | _a139p. | ||
| 650 | _aIndustries | ||
| 653 | _aEngineering industries | ||
| 942 |
_2udc _cREF |
||
| 999 |
_c30567 _d30567 |
||